Gracie Abrams - Paroles Close to You - Statistiques

Statistiques générales
  • Ce quiz a été pris 134 fois
  • Le résultat moyen est 321 sur 369
Statistiques - réponses
Hint Réponse % Correct
Bridge | Couplet 1 | Pré-refrain I
100%
a
98%
(Ahh)
98%
(Ahh),
98%
be
98%
be)
98%
Intro (Close
98%
close
98%
Post-refrain Close
98%
close)
98%
Mm
98%
to
98%
Refrain To
98%
(To
98%
you)
98%
You
98%
you
98%
you,
98%
you),
98%
me
97%
the
94%
don't
92%
Oh,
92%
(Ooh),
92%
when
92%
And
91%
and
91%
burn,
91%
burn
91%
Every
91%
for
91%
my
91%
name
89%
know
88%
on
88%
even
86%
give
86%
gun
86%
gave
84%
just
84%
Just
84%
(Just
84%
wanna
84%
got
83%
it
83%
single
83%
trigger
83%
If
81%
is
81%
Pull
81%
pull
81%
we
81%
everything
80%
let
80%
it's
78%
problem
78%
way
78%
Break
77%
nothing
77%
See
77%
met
75%
up
75%
heart
73%
provocative
73%
start
73%
with
73%
asked
72%
I'll
70%
overnight
70%
then,
70%
I'd
69%
room,
69%
was
69%
at
67%
I'm
67%
look
67%
so
66%
fire,
64%
need
63%
now
63%
they
63%
in
61%
but
59%
dying
59%
how
59%
saw
59%
all
58%
crowded
58%
Under
58%
could
55%
mine
55%
should
55%
Smoky,
55%
bodies,
52%
June
52%
line
52%
of
52%
dark,
50%
neck,
48%
touch
48%
your
48%
sudden
47%
cool,
45%
life,
45%
tonight
44%
signing
42%
timing
42%
light
41%
cinematic
36%
Chemical
33%
dotted
33%
moving,
33%
pink
33%
mouth
28%
ultraviolet
28%
override,
17%
Aucun quiz correspondant
Distribution des résultats
% des personnes avec chaque résultat
Percentile par nombre de réponses
Votre historique - résultats
Vous n’avez pas pris ce quiz